|
|
|
|
| LEADER |
00000nam a22000007a 4500 |
| 005 |
2011110903353.0 |
| 007 |
cr|||| |||| |
| 008 |
111109s2010 cl |||||s|||| 00||0 spa d |
| 020 |
|
|
|a 78-956-13-2019-2
|
| 035 |
|
|
|a 5896
|
| 040 |
|
|
|a vLex
|
| 090 |
|
|
|c 2750
|d 2750
|
| 100 |
1 |
|
|a Johansen, Oscar
|
| 245 |
1 |
4 |
|a Las escuelas de administracin̤, ¿enseąn a administrar?
|h [Recurso electrn̤ico] /
|c Oscar Johansen
|
| 256 |
|
|
|a Servicio en ln̕ea
|
| 260 |
|
|
|a [Chile] :
|b Universidad Catl̤ica Andrš Bello,
|c 2010
|
| 300 |
|
|
|a 1 recurso electrn̤ico
|
| 506 |
1 |
|
|a Contenido solo disponible en los productos indicados
|d vLex Global
|d vLex Global (Academic Edition, excluding Law Schools)
|d vLex Global (U.S. Academic Edition, Law Schools)
|d vLex Global (U.S. Academic Edition, excluding Law Schools)
|d vLex Global (Academic Edition, Law Schools)
|
| 650 |
0 |
4 |
|a Empresas
|x Administracin̤
|
| 740 |
0 |
|
|a vLex Libros (Servicio en ln̕ea)
|
| 856 |
4 |
0 |
|u http://vlex.com/source/5896
|z Acceso restringido
|
| 942 |
|
|
|c BOOK
|